|
|
|
|
| LEADER |
00000cam a2200000 a 4500 |
| 001 |
vtls001222010 |
| 003 |
SK-MaSNL |
| 005 |
20260302073948.0 |
| 008 |
250414s1995 pl a fr 10000 pol |
| 015 |
|
|
|a SNBZSA1996-00311
|
| 020 |
|
|
|a 8390157764
|
| 035 |
|
|
|a SNK000167390
|
| 035 |
|
|
|a urn:nbn:sk:snk-amjr0u
|
| 035 |
|
|
|a urn:nbn:sk:snk:ar-a0cjgj
|
| 035 |
|
|
|a 02b2bc65-82ba-4d95-9355-69d690707f48
|
| 040 |
|
|
|a SNK
|b slo
|c SNK
|e AACR2
|
| 041 |
0 |
|
|a pol
|
| 044 |
|
|
|a pl
|c PL
|
| 080 |
|
|
|a 027(4-11)(082)=84
|2 1981
|
| 245 |
0 |
0 |
|a Biblioteki w europejskich krajach postkomunistycznych w międzynarodowym kontekście
|b (wybór materiałów) : międzynarodowa konferencja bibliotekarzy Kraków-Przegorzaly 3-5 sierpnia 1995
|c redakcja Maria Kocójowa
|
| 260 |
|
|
|a Kraków
|b Polskie Towarzystwo Bibliologiczne
|c 1995
|
| 300 |
|
|
|a 156 s.
|b tab.
|c 24 cm
|
| 650 |
0 |
7 |
|a knižnice
|2 SNKPH
|9 17965
|
| 651 |
|
7 |
|a Európa
|2 SNKPHgeo
|9 167569
|
| 651 |
|
7 |
|a postkomunistické krajiny
|2 SNKPHgeo
|9 68899
|
| 655 |
|
7 |
|a zborníky konferencií
|2 SNKPH
|9 70153
|
| 655 |
|
7 |
|a issue_zb
|2 SNK
|9 276493
|
| 700 |
1 |
|
|a Kocójowa, Maria
|4 com
|9 300412
|
| 852 |
|
|
|a Slovenská národná knižnica
|
| 919 |
|
|
|a 83-901577-6-4
|
| 954 |
|
|
|a odborná, vedecká literatúra pôvodná (slovenská)
|2 lita
|
| 954 |
|
|
|a odborná, vedecká literatúra cudzojazyčná (svetová)
|2 lita
|
| 958 |
|
|
|a OND
|
| 958 |
|
|
|a ART
|
| 958 |
|
|
|a ZS
|
| 958 |
|
|
|a TL
|
| 958 |
|
|
|a ZB
|
| 958 |
|
|
|a PL
|
| 958 |
|
|
|a KL
|
| 958 |
|
|
|a EUIPO
|
| 999 |
|
|
|c 1163032
|d 1164962
|
| 952 |
|
|
|t P60, <03>, [BOOK], {603}
|a SNK
|b SNK
|y PREZ
|7 0
|p 17A0013396
|o snkSC 91466
|i snkV 1793/96
|0 0
|1 0
|4 0
|d 1996-10-08
|l 0
|r 2025-09-10 00:00:00
|w 2026-02-24
|